| 000 | 005660000a22001810004500 | ||
|---|---|---|---|
| 003 | MACL | ||
| 005 | 20160522115041.0 | ||
| 008 | 160522b xxu||||| |||| 00| 0 eng d | ||
| 040 |
_aMACL _cMACL |
||
| 041 | _aHindi | ||
| 082 | _a891.433 | ||
| 100 |
_aमंटो, सआदत हसन _953473 |
||
| 245 |
_aटोबा टेकसिंह _cसआदत हसन मंटो |
||
| 260 |
_bयुगचेतना साहित्य _c2004 _aदिल्ली |
||
| 350 | _a250 | ||
| 650 |
_aStories _958688 |
||
| 942 |
_cHIN _k891.433/MAN/S _2ddc |
||
| 999 |
_c18213 _d18213 |
||